000 00977nam a2200325Ia 4500
003 OSt
005 20220912144905.0
006 a|||||r|||| 00| 0
007 ta
008 220909b |||||||| |||| 00| 0 eng d
020 _a9780099302780 (pbk)
024 _a86060
037 _b537, 18/09/2009, Dhanraj Book House
037 _cTextual
040 _aCSL
_beng
_cCSL
041 _aeng
082 _aA:(R), N7
100 _aDiamond Jared
245 0 _aGuns,germs and steel:a short history of everybody for the last 13,000 years
260 _aLondon
_bVintage Books
_c1997
300 _a480p.
_ccm.
500 _aReferences 429-458p.; Index 461-480p.
650 _a Culture diffusion
650 _a Ethnology
650 _a Human beings - effect of environment
650 _a Social evolution
650 _aGeneral Science
942 _hA:(R), N7
_cTEXL
_2CC
999 _c18303
_d18303